000 00685 a2200157 4500
003 Nust
005 20170207153457.0
040 _cNust
082 _a915.4
100 _aBlavatsky. H .P
245 _aFrom the Caves And Jungles of Hindustan
_cH.P Blavatsky
300 _a318:p
505 _aIn Bombay (Page-3) On The Way to Karle(Page-43) In The Karle Caves (page-66) Vanished Glories (Page-105) A City of the Dead (Page-125) Brahmanic Hospitalities (Page-140) A Witch Den (Page-176) God Warrior (Page-196) The Banns of Marriage (Page-215) The Caves of Bag(Page-234) An Isle of Mystery (Page-259) Jubbulpore(Page-276)
538 _aAlmirah No.60 Shelf No.1
650 _aIndia Geography
942 _2ddc
_cBK
999 _c187173
_d187173